000
00334 a2200109 4500
001
ART_17924
005
20260410161655.0
008
260409a
245
1
0
_a
El alquiler de inmuebles en el IVA y las entidades exentas
100
1
_a
Serra, Marcelo
773
0
_t
Práctica profesional
_g
- Nº 111 (feb. 2010)
_w
REV542
999
_c
14678
_d
14678